Lista de congresistas, programa y reglamento del 14º Congreso Internacional Algodonero que se celebrará en Barcelona para conmemorar el 25º aniversario de la Fundación Internacional Algodonera
Descripción Física:
20 p. ; 21 cm
MARC
| LEADER | 00000nam a2200000Ia 4500 | ||
|---|---|---|---|
| 001 | 16442 | ||
| 003 | BGR | ||
| 005 | 20260324180147.0 | ||
| 008 | 160829s1929 xx 000 0 cat d | ||
| 080 | |a 3927, exp. 623 | ||
| 111 | |a Congreso Internacional Algodonero |9 70983 |c (Barcelona : |d 1929) | ||
| 245 | |a Lista de congresistas, programa y reglamento del 14º Congreso Internacional Algodonero que se celebrará en Barcelona para conmemorar el 25º aniversario de la Fundación Internacional Algodonera | ||
| 260 | |a [Barcelona : |b s.n.], |c 1929 | ||
| 300 | |a 20 p. ; |c 21 cm | ||
| 650 | |a Cotó |x Congressos |9 48163 | ||
| 650 | |a Congreso Internacional Algodonero (14è: 1929 : Barcelona) |x Reglaments i procediment |9 48161 | ||
| 710 | 2 | |a Fundación Internacional Algodonera |9 70984 | |
| 901 | |a Arxiu | ||
| 942 | |n 1 |2 udc |c MON | ||
| 952 | |0 0 |1 0 |4 0 |6 3927_EXP_623 |7 1 |9 54356 |a Arxiu |b Arxiu |d 2016-12-01 |l 0 |o 3927, exp. 623 |p 16442 |r 2016-12-01 00:00:00 |w 2016-12-01 |y ARXIU | ||
| 999 | |c 58225 |d 58225 | ||